00345nam a2200121Ia 4500008004100000082002000041100002200061245003200083260002900115300000900144630001800153650005200171211118s9999||||xx |||||||||||||| ||und|| a894.8121bKEC-O aKecheri, Yusafali 0aOrmakku Thalolikkaan: Poems bDC BooksaKottayamc1990 a103p xGeneral Stack aMalayalam LiteraturevMalayalam PoetryMalayalam